|
|
|
|
| LEADER |
00000cam a2200000 7i4500 |
| 001 |
0000000281 |
| 005 |
20000727.0 |
| 020 |
0 |
0 |
|a 9796060086
|
| 090 |
0 |
0 |
|a 333.7509598
|b STA 1997
|
| 245 |
0 |
2 |
|a A STATE of the art report on some recent forestry policies, initiatives and achievements in Indonesia :
|b Concepts, strategies and actions for sustainable forest management and forestry development towards 21st century; collections of the Indonesian voluntary papers contributed to the XI World Forestry Congress, Antalya, Turkey, 13-22 October 1997
|c edited by B.D. Nasendi
|
| 260 |
0 |
0 |
|a Jakarta, Indonesia :
|b Minisry of Forestry of the Republic of Indonesia ,
|c 1997
|
| 300 |
|
|
|a xi, 301 p. :
|b ill. ;
|c 24 cm.
|
| 650 |
0 |
0 |
|a Forest management
|z Indonesia
|
| 650 |
0 |
0 |
|a Forest policy
|z Indonesia
|
| 650 |
0 |
0 |
|a Forests and forestry
|z Indonesia
|
| 700 |
0 |
1 |
|a Nasendi
|h B. D.
|
| 999 |
|
|
|a 0000001463
|b Monograph
|c Open Shelf
|e Default branch
|